Logo BPK

Biblioteka

Politechniki Koszalińskiej

Unidirectional wave motions. (Rekord nr 19415)

Szczegóły MARC
000 -ETYKIETA REKORDU
podpole kontrolne o stałej długości 00426nam a2200169 i 4500
001 - NUMER KONTROLNY REKORDU
pole kontrolne bg
020 ## - MIĘDZYNARODOWY ZNORMALIZOWANY NUMER KSIĄŻKI - ISBN
ISBN 0444850430
040 ## - ŹRÓDŁO KATALOGOWANIA
Instytucja, która utworzyła rekord BPK
041 ## - KOD JĘZYKA
Kod języka tekstu pol
080 ## - UNIWERSALNA KLASYFIKACJA DZIESIĘTNA - UKD
UKD 53
920 ## - Międzynarodowy znormalizowany numer książki – ISBN
ISBN 0-444-85043-0
008 - POLE O STAŁEJ DŁUGOŚCI - DANE KONTROLNE
podpole kontrolne o stałej długości s pl f |000 0 pol
100 1# - NAZWA OSOBOWA
Nazwa osobowa LEVINE, H.
245 #0 - TYTUŁ/ODPOWIEDZIALNOŚĆ
Tytuł Unidirectional wave motions.
Oznaczenie części/sekcji dzieła Vol. 23,
Tytuł części/sekcji dzieła Applied mathematics /
Pozostałe elementy strefy tytułu i oznaczenia odpowiedzialności H. Levine.
260 ## - STREFA ADRESU WYDAWNICZEGO
Miejsce wydania Amsterdam :
Nazwa wydawcy/dystrybutora North-Holland,
Data publikacji, dystrybucji/powstania dokumentu 1978.
856 ## - LOKALIZACJA I DOSTĘP DO ELEKTRONICZNYCH DOKUMENTÓW ZDALNYCH
Link (URL) http://koha.tu.koszalin.pl/cgi-bin/koha/opac-detail.pl?biblionumber=19415
Tekst linku Katalog online BPK
942 ## - DODATKOWE ELEMENTY (KOHA)
Typ dokumentu Książka
Egzemplarze
Wycofany Status egzemplarza Uszkodzony Dostępność Lokalizacja stała Lokalizacja bieżąca Miejsce przechowywania Sygnatura Kod kreskowy Typ dokumentu
      Dostępny Biblioteka Politechniki Koszalińskiej Biblioteka Politechniki Koszalińskiej Wypożyczalnia BG 27334 01927269 Książka
© 2023 Biblioteka Politechniki Koszalińskiej :: KOHA